Tổ chức thông tin đô thành : Luận văn tốt nghiệp
Đề tài trình bày tổ chức và hoạt động của ngành thông tin đô thành, thông tin đại chúng, thực trạng và giải pháp của ngành thông tin.
Na minha lista:
| Autor principal: | |
|---|---|
| Formato: | Livro |
| Idioma: | Undetermined |
| Publicado em: |
Sài Gòn
Học viện Quốc Gia Hành Chánh
1970
|
| Assuntos: | |
| Tags: |
Adicionar Tag
Sem tags, seja o primeiro a adicionar uma tag!
|
| Thư viện lưu trữ: | Trung tâm Học liệu Trường Đại học Cần Thơ |
|---|
| LEADER | 00913nam a2200217Ia 4500 | ||
|---|---|---|---|
| 001 | CTU_26458 | ||
| 008 | 210402s9999 xx 000 0 und d | ||
| 082 | |a 354.75 | ||
| 082 | |b Tr121 | ||
| 100 | |a Nguyễn, Bá Trân | ||
| 245 | 0 | |a Tổ chức thông tin đô thành : | |
| 245 | 0 | |b Luận văn tốt nghiệp | |
| 245 | 0 | |c Nguyễn Bá Trân ; Trần Văn Đỉnh (Người hướng dẫn) | |
| 260 | |a Sài Gòn | ||
| 260 | |b Học viện Quốc Gia Hành Chánh | ||
| 260 | |c 1970 | ||
| 520 | |a Đề tài trình bày tổ chức và hoạt động của ngành thông tin đô thành, thông tin đại chúng, thực trạng và giải pháp của ngành thông tin. | ||
| 650 | |a Communication | ||
| 650 | |x Political aspects | ||
| 904 | |i Nguyễn Quang Điền, Hải | ||
| 980 | |a Trung tâm Học liệu Trường Đại học Cần Thơ | ||